ՀՀ Գիտությունների ազգային ակադեմիայի հիմնարար գիտական գրադարան  =   Fundamental Scientific Library of NAS RA

Возмездие / (Record no. 468897)

MARC details
000 -LEADER
fixed length control field 00655nam a2200205 a 4500
001 - CONTROL NUMBER
control field 001035091
003 - CONTROL NUMBER IDENTIFIER
control field AM-YeHGA
005 - DATE AND TIME OF LATEST TRANSACTION
control field 20250618075506.0
008 - FIXED-LENGTH DATA ELEMENTS--GENERAL INFORMATION
fixed length control field 140827s1953 ru ||||| |||| 00| 0 rus d
040 ## - CATALOGING SOURCE
Original cataloging agency AM-YeHGA
041 0# - LANGUAGE CODE
Language code of text/sound track or separate title rus
090 ## - LOCALLY ASSIGNED LC-TYPE CALL NUMBER (OCLC); LOCAL CALL NUMBER (RLIN)
-- 472141
100 1# - MAIN ENTRY--PERSONAL NAME
Personal name Հյուգո, Վիկտոր,
Dates associated with a name 1802-1885
9 (RLIN) 5858
245 10 - TITLE STATEMENT
Title Возмездие /
Statement of responsibility, etc. Гюго Виктор; Пер. с франц. Г. Шенгели.
260 ## - PUBLICATION, DISTRIBUTION, ETC.
Place of publication, distribution, etc. Москва :
Name of publisher, distributor, etc. Гослитиздат,
Date of publication, distribution, etc. 1953.
300 ## - PHYSICAL DESCRIPTION
Extent 211 с. :
Other physical details ил. ;
Dimensions 27 см.
650 14 - SUBJECT ADDED ENTRY--TOPICAL TERM
Topical term or geographic name entry element Французcкая литература
700 1# - ADDED ENTRY--PERSONAL NAME
Personal name Шенгели, Г
Relator term пер.
Relationship trl
942 ## - ADDED ENTRY ELEMENTS (KOHA)
Source of classification or shelving scheme Universal Decimal Classification
Koha item type Գրքեր / Books
Holdings
Withdrawn status Lost status Source of classification or shelving scheme Damaged status Not for loan Collection Home library Current library Date acquired Total checkouts Full call number Barcode Date last seen Price effective from Koha item type Public note
    Universal Decimal Classification     General Fundamental Scientific Library Fundamental Scientific Library 03/04/2018   РД III/417 FL0494486 03/04/2018 03/04/2018 Գրքեր / Books 30 Days Loan
          Kusikian Individual Collection Fundamental Scientific Library Fundamental Scientific Library 30/04/2025   Кус/2680 FL0690954 30/04/2025 30/04/2025 Գրքեր / Books Ill Non-Circ


ՀՀ ԳԱԱ հիմնարար գիտական գրադարան
ՀՀ,Երևան 0019
Մարշալ Բաղրամյան 24/6
հեռախոս:(374-10) 52-47-50
Հետադարձ կապ

All site content, except where otherwise noted, is licensed under a
Creative Commons License